| 000 | 00883nam a2200241Ia 4500 | ||
|---|---|---|---|
| 999 |
_c52514 _d52514 |
||
| 001 | 19538 | ||
| 003 | GE_BSU | ||
| 005 | 20200225174517.0 | ||
| 008 | 181216s1980||||GE |||||||||||||| ||geo|| | ||
| 040 | _cGE_BSU | ||
| 041 | _ageo | ||
| 080 | _a003.334.2 პ-21 | ||
| 100 |
_aპატარიძე, რამაზ _97441 |
||
| 245 |
_aქართული ასომთავრული / _cრამაზ პატარიძე ; რედ. მ. სოხაძე. |
||
| 250 | _a1-ლი გამოცემა | ||
| 264 |
_aთბილისი : _bნაკადული, _c1980. |
||
| 300 |
_a602 გვ. ; _c21 სმ. |
||
| 541 | _h4ლ.40თ. | ||
| 653 | _aდამწერლობა | ||
| 653 | _aქართული დამწერლობა | ||
| 700 |
_aსოხაძე, მ. _eრედაქტორი _97442 |
||
| 942 |
_cBK _2udc |
||